00727nam a2200277Ia 4500008004100000020001500041050001000056050001400066100002000080245003600100245005400136260001400190260002000204260000900224300001600233300002000249300001000269650002300279650002300302650001900325650003700344700001800381700002000399700001100419999001900430170711s9999 xx 000 0 und d a9535722463 a364.1 bR462 1999 aReynolds, Bruce 4aThe great train robbery files / cby Bruce Reynolds, Nick Reynolda and Alan Parker. aBritain : bAbstract Sound, c1999 a224 pages : billustrations ; c29cm. aTrain robberies -- aTrain robberies -- xGreat Britain. xPress coverage -- Great Britain. aParker, Alan. aReynolds, Nick. aTitle. c339680d339680